LIBRARY & INFORMATION CENTRE, KCAET, TAVANUR

ONLINE PUBLIC ACCESS CATALOGUE (OPAC)

Management and utilization of biogas plant slurry / (Record no. 11029)

MARC details
000 -LEADER
fixed length control field 00514cam a2200193ua 4500
020 ## - INTERNATIONAL STANDARD BOOK NUMBER
ISBN 81 85167 13 3
041 ## - LANGUAGE CODE
Language code of text/sound track or separate title eng
082 ## - DEWEY DECIMAL CLASSIFICATION NUMBER
Classification number 665.776
Item number MAT/MA
100 ## - MAIN ENTRY--AUTHOR NAME
Personal name Mathur, A.N.
245 ## - TITLE STATEMENT
Title Management and utilization of biogas plant slurry /
250 ## - EDITION STATEMENT
Edition statement 1 /
260 ## - PUBLICATION, DISTRIBUTION, ETC. (IMPRINT)
Place of publication New Delhi :
Name of publisher Himanshu Publications ,
Year of publication 1988.
300 ## - PHYSICAL DESCRIPTION
Number of Pages 221 ; .
700 1# - ADDED ENTRY--PERSONAL NAME
Personal name Varma, L N .
942 ## - ADDED ENTRY ELEMENTS (KOHA)
Koha item type Books
Holdings
Withdrawn status Lost status Damaged status Home library Current library Date acquired Full call number Accession Number Koha item type
      KAUAET KAUAET 07/04/2012 665.776 18119 Books
free website counter